| 000 | 00476nam a2200157Ia 4500 | ||
|---|---|---|---|
| 008 | 240729s9999 xx 000 0 und d | ||
| 022 | _a2008-2746 | ||
| 245 | 0 | _aIranian Endodontic Journal | |
| 260 | _aIran, Islamic Republic of | ||
| 260 | _bIranian Association of Endodontists; Iranian Center for Endodontic Research | ||
| 650 | _a Dentistry | ||
| 650 | _aMedicine | ||
| 856 | _uhttps://doaj.org/toc/aea0688c394d4129a03cb49739973f4c | ||
| 942 | _2ddc | ||
| 942 | _cDOAJEJ | ||
| 999 |
_c69011 _d69011 |
||
| 945 |
_a1 _bMadushi Gamage _c1 _dMadushi Gamage |
||